Central Library OPAC University of Rajshahi

Home living / (Record no. 67714)

MARC details
000 -LEADER
fixed length control field 00978nam a2200265 a 4500
001 - CONTROL NUMBER
control field 67714
003 - CONTROL NUMBER IDENTIFIER
rucl marc code BD-RjUL
005 - DATE AND TIME OF LATEST TRANSACTION
control field 20211209081703.0
008 - FIXED-LENGTH DATA ELEMENTS--GENERAL INFORMATION
fixed length control field 500101r19351929ilua 001 0 eng d
035 ## - SYSTEM CONTROL NUMBER
System control number (BD-RjUL)
040 ## - CATALOGING SOURCE
Original cataloging agency DLC
Transcribing agency YNG
Modifying agency EQO
-- BD-RjUL
Language of cataloging eng
041 ## - LANGUAGE CODE
Language code of text/sound track or separate title eng
082 ## - DEWEY DECIMAL CLASSIFICATION NUMBER
Classification number 640
Edition number 23
Author mark and year JUH 1935
100 1# - MAIN ENTRY--PERSONAL NAME
Personal name Justin, Margaret M.,
Dates associated with a name 1889-
9 (RLIN) 200750
245 10 - TITLE STATEMENT
Title Home living /
Statement of responsibility, etc. by Margaret M. Justin, Lucile Osborn Rust.
260 ## - PUBLICATION, DISTRIBUTION, ETC. (IMPRINT)
Place of publication, distribution, etc. Chicago :
Name of publisher, distributor, etc. J. B. Lippincott company,
Date of publication, distribution, etc. 1935.
300 ## - PHYSICAL DESCRIPTION
Pagination xviii, 605 p. :
Illustrations ill. ;
Size 21 cm
490 ## - SERIES STATEMENT
Series statement Lippincott's home economics texts
500 ## - GENERAL NOTE
General note "A completely rewritten and reset volume, based on the authors' earlier work, Problems In Home living, 1929, by J.B. Lippincott Company"
504 ## - BIBLIOGRAPHY, ETC. NOTE
Bibliography, etc Inclues index and References at end of each chapter.
650 #0 - SUBJECT ADDED ENTRY--TOPICAL TERM
Topical term or geographic name as entry element Home economics
9 (RLIN) 200751
700 1# - ADDED ENTRY--PERSONAL NAME
Personal name Rust, Lucile Osborn,
Dates associated with a name 1890-
830 ## - SERIES ADDED ENTRY--UNIFORM TITLE
Uniform title Lippincott's home economics texts
942 ## - ADDED ENTRY ELEMENTS (KOHA)
Source of classification or shelving scheme Dewey Decimal Classification
Koha item type Books
Holdings
Lost status Source of classification or shelving scheme Damaged status Not for loan Collection code Permanent Location Current Location Shelving location Date acquired Source of acquisition Cost, normal purchase price Total Checkouts Full call number Date last seen Copy number Koha item type
  Dewey Decimal Classification   Not For Loan Non-fiction Central Library, University of Rajshahi Central Library, University of Rajshahi Reading Room 29/03/1977 Lions International 0.00   640 JUH 1935 28/03/2017 C-1 Books